|
|
|
|
| LEADER |
01266nam a2200289 a 4500 |
| 001 |
16171897 |
| 008 |
130801s2010 nyua b 001 0 eng d |
| 010 |
|
|
|a 2010014625
|
| 020 |
|
|
|a 9780521191715
|
| 020 |
|
|
|a 0521191718
|
| 020 |
|
|
|a 9780521139601 (pbk.)
|
| 020 |
|
|
|a 0521139600 (pbk.)
|
| 040 |
|
|
|a DLC
|c DLC
|d YDX
|d BTCTA
|d YDXCP
|d UKM
|d CDX
|d YUS
|d DLC
|d BD-DhAAL.
|
| 082 |
0 |
0 |
|a 153.3/5
|2 22
|
| 245 |
0 |
4 |
|a The dark side of creativity /
|c edited by David H. Cropley ... [et al.].
|
| 260 |
|
|
|a New York :
|b Cambridge University Press,
|c 2010.
|
| 300 |
|
|
|a x, 394 p. :
|b ill. ;
|c 24 cm.
|
| 504 |
|
|
|a Includes bibliographical references and index.
|
| 541 |
|
|
|e 00027392
|
| 650 |
|
0 |
|a Creative ability.
|
| 650 |
|
0 |
|a Good and evil.
|
| 650 |
|
0 |
|a Criminal intent.
|
| 700 |
1 |
|
|a Cropley, David H.
|
| 852 |
1 |
|
|a Ayesha Abed Library
|j General shelf.
|
| 999 |
|
|
|c 13804
|d 13804
|
| 952 |
|
|
|0 0
|1 0
|4 0
|6 153_350000000000000_DAR
|7 0
|9 23091
|a BRACUL
|b BRACUL
|c GEN
|d 2013-08-04
|e Karim International
|g 3100.00
|l 7
|m 24
|o 153.35 DAR
|p 3010027392
|r 2026-02-28
|s 2025-10-24
|t 1
|w 0000-00-00
|y BK
|x Available
|
| 952 |
|
|
|0 0
|1 0
|2 ddc
|4 0
|6 153_350000000000000_DAR
|7 0
|9 23129
|a BRACUL
|b BRACUL
|c GEN
|d 2013-08-05
|e Karim International
|g 3100.00
|l 7
|m 81
|o 153.35 DAR
|p 3010027393
|r 2026-02-25
|s 2026-02-02
|t 2
|w 2013-08-05
|y BK
|